Social: (Record no. 179947)
[ view plain ]
| 000 -LEADER | |
|---|---|
| fixed length control field | 00738nam a22001937a 4500 |
| 005 - DATE AND TIME OF LATEST TRANSACTION | |
| control field | 20210719122916.0 |
| 010 ## - LCCN (DPL NO) | |
| LC control number | B-740613 |
| 020 ## - INTERNATIONAL STANDARD BOOK NUMBER | |
| International Standard Book Number | 9780143419716 |
| Terms of availability | 250.00 |
| 035 ## - SYSTEM CONTROL NUMBER | |
| System control number | B-740613 |
| 037 ## - SOURCE OF ACQUISITION | |
| Source of stock number/acquisition | Gift |
| 082 ## - DEWEY DECIMAL CLASSIFICATION NUMBER | |
| Classification number | 650.130285 |
| 100 ## - MAIN ENTRY--PERSONAL NAME | |
| Personal name | Fadia, Ankit |
| 245 ## - TITLE STATEMENT | |
| Title | Social: |
| Remainder of title | 50 ways to improve your professional life / |
| Statement of responsibility, etc | by Ankit Fadia |
| 260 ## - PUBLICATION, DISTRIBUTION, ETC. (IMPRINT) | |
| Date of publication, distribution, etc | 2014 |
| Place of publication, distribution, etc | Gurgaon, Haryana |
| Name of publisher, distributor, etc | Penguin Books |
| 270 ## - ADDRESS | |
| Postal code | 122002 |
| Address | 7th Floor, Infinity Tower C, DLF Cyber City |
| City | Gurgaon, Haryana |
| 300 ## - PHYSICAL DESCRIPTION | |
| Extent | viii, 253p.: |
| Dimensions | 20cm(pbk) |
| Other physical details | ill. |
| 942 ## - ADDED ENTRY ELEMENTS (KOHA) | |
| Institution code [OBSOLETE] | dpl |
| Item type | English Books |
| Source of classification or shelving scheme | Dewey Decimal Classification |
| Classification part | 650.130285 |
| Call number suffix | FAD |
| Withdrawn status | Lost status | Not for loan | Collection code | Home library | Current library | Date acquired | Source of acquisition | Cost, normal purchase price | Full call number | Barcode | Copy number | Cost, replacement price | Koha item type | Public note |
|---|---|---|---|---|---|---|---|---|---|---|---|---|---|---|
| Non-fiction | Central Library | Central Library | 19/07/2021 | Gift/Eng/07-07-2021 | 250.00 | 650.130285 FAD | B-740613 | 1 | 250.00 | English Books | Gift |
